Histoire du drapeau de la Somalie - Statistiques

Statistiques générales
  • Ce quiz a été pris 57 fois
  • Le résultat moyen est 5 sur 6
Statistiques - réponses
Hint Réponse % Correct
Somalie (drapeau actuel depuis 1960)
98%
Somalie italienne (1889-1936) et Afrique orientale italienne (1936-1941)
95%
Territoire sous tutelle de la Somalie (1950-1960)
91%
Administration militaire britannique de la Somalie (1941-1950)
91%
Sultanat d'Adal (1415-1577)
91%
Sultanat de Mogadiscio (923-1415)
75%
Aucun quiz correspondant
Distribution des résultats
% des personnes avec chaque résultat
Percentile par nombre de réponses
Votre historique - résultats
Vous n’avez pas pris ce quiz